| 000 | 00392nam a2200157Ia 4500 | ||
|---|---|---|---|
| 008 | 221030s9999 xx 000 0 und d | ||
| 020 | _a8174462139 | ||
| 041 | _aEnglish | ||
| 082 |
_a105.23 _bRao |
||
| 100 | _aV. S. P. Rao | ||
| 245 | 0 |
_aHuman Resource Management - Text & Cases _cby V. S. P. Rao |
|
| 260 |
_bExcel Books _aIndia _c637 |
||
| 300 | _a637 | ||
| 650 | _aManagement | ||
| 942 | _cBK | ||
| 999 |
_c436 _d436 |
||